Planeten Quiz - Statistieken

Algemene statistieken
  • Deze quiz is 16.405 keer genomen
  • De gemiddelde score is 7 van 8
Antwoordstatistieken
Planet % Correct
Mars
96%
Aarde
95%
Jupiter
87%
Venus
87%
Saturnus
84%
Uranus
84%
Mercurius
78%
Neptunus
67%
Geen overeenkomende quizzen gevonden
Scoreverdeling
Procent van Mensen met Elke Score
Percentiel versus Aantal Correcte Antwoorden
Uw Scoregeschiedenis
U heeft deze quiz nog niet genomen